IMAGO : Časopis - Magazine /

Gespeichert in:
Bibliographische Detailangaben
1. Verfasser: Matoušek, Michal (Verfasst von)
Format: Buch
Sprache:Tschechisch
Englisch
Veröffentlicht: Bratislava : FOTOFO / Stredoeurópsky dom fotografie, 2018
Opava : Institut tvůrčí fotografie,
Ausgabe:1. vydanie
Schlagworte:
Tags: Tag hinzufügen
Keine Tags, Fügen Sie das erste Tag hinzu!

MARC

LEADER 00000nam a22000003a 4500
001 0100268
003 SK-STU
005 20230125113841.7
007 ta
008 230125s ----xo-----e------000-0-----d
020 |a 978-80-85739-78-7 
040 |a STU  |b slo 
041 0 |a cze  |a eng 
044 |a xo 
100 1 |a Matoušek, Michal  |4 aut 
245 1 0 |a IMAGO :  |b Časopis - Magazine /  |c aut. Michal Matoušek 
250 |a 1. vydanie 
260 |a Bratislava :  |b FOTOFO / Stredoeurópsky dom fotografie, 
260 |a Opava :  |b Institut tvůrčí fotografie,  |c 2018 
300 |a 390 s. 
650 0 7 |a umelecká fotografia 
650 0 7 |a Slovensko 
650 0 7 |a Česko 
650 0 7 |a obálka časopisu 
650 0 7 |a dejiny 
650 0 7 |a grafický dizajn 
650 0 7 |a fotografi 
996 |b 284AU09499  |c A* 12854/U  |l AAKNST  |s P  |a 0  |w 0100268_0001 
996 |b 284AU09500  |c A* 12855/U  |l AAKNAR  |s A  |a 24  |w 0100268_0002